000 00237nam a22000857a 4500
008 160705b xxu||||| |||| 00| 0 eng d
100 _92270
_a Kirkpatrick, E.M
245 _aChambers 20th Century Dictionary
260 _aNew Delhi
_b Allied
_c1983
999 _c1953
_d1953